000 00550nam a2200169 i 4500
001 85952
003 ES-MaACL
005 20230906175338.0
007 t|
008 041203s1971 sp ||||1| spa d
100 1 _aKeller, Suzanne.
_967769
245 1 0 _aMás allá de la clase dirigente
_b: elites estratégicas en la sociedad moderna /
_cSuzanne Keller ; [traducción por E. Pérez-Relaño].
260 _aMadrid :
_bTecnos,
_c[1971]
300 _a319 p. ;
_c24 cm.
700 1 _aPérez-Relaño, E.
_991104
852 _aES-MaACL
_jC-38207
_bR.77407
999 _c85952
_d85952